000 00584nam a22002177a 4500
003 UA-OsUOA
001 36318
007 ta
008 20060912b un ||||| |||| 00| 0 ukr d
090 _a013
_bИ99
942 _cBK
040 _aUA-OsUOA
_bukr
_cUA-OsUOA
_dUA-OsUOA
245 _aІван Вакарчук. Біобібліографічний покажчик.
300 _a109 с.
955 _a1
041 _aukr
080 _a013
260 _aЛьвів
_c2001
650 7 _a01 Бібліографія і бібліографії. Каталоги
_2UDC
999 _c434848
_d434848